• 首页
  • 本馆介绍
  • 公告通知
  • 最新文献
  • 馆藏检索
  • 电子资源
  • 读者导购
  • 参考咨询
  • 我的图书馆
  • 登录
  • 详细信息显示
  • 放入我的书架
  • 预约/预借图书
  • 作者相关作品
  • 分类相关作品
  • 丛书相关作品
  • 出版社相关作品

书目信息

  • 表格格式
  • 工作单格式
  • 卡片格式
题名:
日本钢铁工业
    
 
作者: 渡边公平 著 ;吴杰 译
分册:  
出版信息: 上海   上海译文出版社  1980.01
页数: 167页
开本: 19cm
丛书名:
单 册:
中图分类: F313
科图分类:
主题词: 农业经济--世界
电子资源:
ISBN:
000 00596nam0 2200217 45
001 0303271446
005 20031219104107.9
010    @dCNY0.47
091    @a4188.7
100    @a20030327d1980 km y0chiy0120 ea
101 0  @achi
105    @a z 000yy
200 1  @a日本钢铁工业@ARi Ben Gang Tie Gong Ye@f(日)渡边公平著@F(Ri)Du BianGong Ping Zhu@g吴杰译
210    @a上海@c上海译文出版社@d1980.01
215    @a167页@d19cm
606 0  @a农业经济@x世界
690    @aF313@v3
701  0 @a渡边公平@4著
702  0 @a吴杰@AWu Jie@4译
801    @aCN@bTSTC@c20030327
905    @f1@b28374@dF313@e4
    
    日本钢铁工业/(日)渡边公平著/吴杰译.-上海:上海译文出版社,1980.01
    167页;19cm
    
    
    ISBN :CNY0.47
    
●
相关链接 在E读中查询图书 在五车中查询图书 在当当中查询图书 在豆瓣中查询图书


正题名:日本钢铁工业     索取号:F313/4         预约/预借

序号 登录号 条形码 馆藏地/架位号 状态 备注
1 0028373   000212371   第一借阅区/ [索取号:F313/4] 在馆    
2 0028374   001772102   密集书库/ [索取号:F313/4] 在馆    
唐山师范学院图书馆 欢迎您!
大连网信软件有限公司© 版权所有